[Event "CZE-ch12 fin corr"]
[Site "Czechia"]
[Date "2005.??.??"]
[Round "?"]
[White "Berko, Michal"]
[Black "Jarabinsky, Martin"]
[Result "1-0"]
[WhiteElo "2003"]
[BlackElo "2116"]
[PlyCount "51"]
[EventDate "2005.??.??"]
[EventType "tourn (corr)"]
[EventRounds "14"]
[EventCountry "CZE"]
[SourceTitle "Corr 2006"]
[Source "ChessBase"]
[SourceDate "2006.04.01"]
[SourceVersion "3"]
[SourceVersionDate "2006.04.01"]
[SourceQuality "1"]

1. Nf3 d5 2. b3 Nf6 3. e3 Bg4 4. d4 e6 5. Bd3 Nc6 6. h3 Bxf3 7. Qxf3 Bd6 8. 0-0 e5 9. dxe5 Nxe5 10. Qe2 Nxd3 11. cxd3 0-0 12. Bb2 c6 13. Nd2 Qe7 14. a4 Rfe8 15. a5 Rac8 16. Nf3 c5 17. Qd2 Qe6 18. Bxf6 Qxf6 19. d4 cxd4 20. Nxd4 Be5 21. Rfd1 Rc5 22. Qb4 Qe7 23. a6 b6 24. Ra2 Rec8 25. Rad2 Qc7 26. Rd3 1-0

[Event "CZE-ch12 fin corr"]
[Site "Czechia"]
[Date "2004.??.??"]
[Round "?"]
[White "Berko, Michal"]
[Black "Ksir, Bohumil"]
[Result "1-0"]
[WhiteElo "2003"]
[BlackElo "2151"]
[PlyCount "43"]
[EventDate "2005.??.??"]
[EventType "tourn (corr)"]
[EventRounds "14"]
[EventCountry "CZE"]
[SourceTitle "Corr 2006"]
[Source "ChessBase"]
[SourceDate "2006.04.01"]
[SourceVersion "3"]
[SourceVersionDate "2006.04.01"]
[SourceQuality "1"]

1. Nf3 Nf6 2. c4 g6 3. Nc3 Bg7 4. e4 d6 5. d4 0-0 6. Be2 e5 7. 0-0 Nc6 8. h3 exd4 9. Nxd4 Nxe4 10. Nxc6 Nxc3 11. Nxd8 Nxd1 12. Rxd1 Rxd8 13. Bf3 Rb8 14. Bg5 Re8 15. Rd2 Be6 16. Rc1 Be5 17. b4 c5 18. b5 Kg7 19. Be3 h6 20. h4 h5 21. g3 Bxg3 22. fxg3 1-0

[Event "CZE-ch12 fin corr"]
[Site "Czechia"]
[Date "2004.??.??"]
[Round "?"]
[White "Berko, Michal"]
[Black "Valenta, Josef"]
[Result "1/2-1/2"]
[WhiteElo "2003"]
[BlackElo "2110"]
[PlyCount "87"]
[EventDate "2005.??.??"]
[EventType "tourn (corr)"]
[EventRounds "14"]
[EventCountry "CZE"]
[SourceTitle "Corr 2006"]
[Source "ChessBase"]
[SourceDate "2006.04.01"]
[SourceVersion "3"]
[SourceVersionDate "2006.04.01"]
[SourceQuality "1"]

1. Nf3 d5 2. g3 g6 3. Bg2 Bg7 4. 0-0 e5 5. d3 Ne7 6. c4 0-0 7. cxd5 Nxd5 8. Nc3 c6 9. h3 Na6 10. Bd2 Re8 11. Qc1 Be6 12. Bh6 f6 13. Bxg7 Kxg7 14. Rd1 Qd7 15. Kh2 Bf7 16. Ne4 Rad8 17. d4 exd4 18. Nxd4 Qe7 19. a3 Nb6 20. e3 Bd5 21. Nc3 Bxg2 22. Kxg2 Rd7 23. Qc2 Nd5 24. Nxd5 Rxd5 25. Ne2 Red8 26. Rxd5 Rxd5 27. Nf4 Rd8 28. Rd1 Rxd1 29. Qxd1 Nc5 30. b4 Nd7 31. Qd3 b6 32. Qb3 c5 33. Ne6+ Kh6 34. Qc4 g5 35. h4 gxh4 36. Qxh4+ Kg6 37. Nf4+ Kg7 38. Qg4+ Kf7 39. Qf5 Ke8 40. Qh5+ Qf7 41. Qf3 Ke7 42. Qc6 cxb4 43. axb4 Ne5 44. Qc7+ 1/2-1/2

[Event "CZE-ch12 fin corr"]
[Site "Czechia"]
[Date "2004.??.??"]
[Round "?"]
[White "Ksir, Bohumil"]
[Black "Berko, Michal"]
[Result "1/2-1/2"]
[WhiteElo "2151"]
[BlackElo "2003"]
[PlyCount "43"]
[EventDate "2005.??.??"]
[EventType "tourn (corr)"]
[EventRounds "14"]
[EventCountry "CZE"]
[SourceTitle "Corr 2006"]
[Source "ChessBase"]
[SourceDate "2006.04.01"]
[SourceVersion "3"]
[SourceVersionDate "2006.04.01"]
[SourceQuality "1"]

1. d4 Nf6 2. Bg5 Ne4 3. Bf4 c5 4. f3 Qa5+ 5. c3 Nf6 6. Nd2 cxd4 7. Nb3 Qd8 8. cxd4 d5 9. e3 e6 10. Nh3 Bb4+ 11. Kf2 0-0 12. Rc1 Nc6 13. Bb5 Bd7 14. Nc5 Bxc5 15. Rxc5 Re8 16. Qc2 e5 17. dxe5 Nxe5 18. Bxd7 Nexd7 19. Rc7 b6 20. b4 a5 21. b5 Nc5 22. Rd1 1/2-1/2